| 000 | 00759nam a2200217 a 4500 | ||
|---|---|---|---|
| 001 | 1980 | ||
| 003 | CO-ViMGA | ||
| 008 | 141112s2004 ck r 000 u spa d | ||
| 040 |
_aCO-ViMGA _bspa _cCO-ViMGA |
||
| 082 | 0 | 4 | _aMEVIECAR.6424 D347 |
| 100 | 1 |
_aDeitel, Harvey M _950635 |
|
| 245 | 1 | 0 | _aIntroducción a los sistemas operativos |
| 250 | _a2a | ||
| 260 |
_aWilmington : _bAddison - Wesley, |
||
| 300 | _a938 p : il | ||
| 505 | _aAdministración de procesos 52 - - Procesos Concurrentes asincrónicos 75 - - Administración del almacenamiento 188 - - Administración del procesador 295 - - Redes y seguridad 507 | ||
| 590 | _aDatos de inventario : 05703 | ||
| 650 | 1 | 4 | _aLENGUAJES DE PROGRAMACION |
| 650 | 1 | 4 | _aSISTEMAS OPERATIVOS |
| 942 |
_2ddc _cBK |
||
| 999 |
_c14131 _d14131 |
||